[Event "European Blitz 2017"]
[Site "Katowice POL"]
[Date "2017.12.15"]
[Round "8.44"]
[White "Janik, Igor"]
[Black "Bartel, Mateusz"]
[Result "0-1"]
[WhiteTitle "FM"]
[BlackTitle "GM"]
[WhiteElo "2413"]
[BlackElo "2609"]
[WhiteFideId "1159259"]
[BlackFideId "1112635"]
[EventDate "2017.12.15"]
[EventType "blitz"]

1. e4 e5 2. Nf3 Nc6 3. Bb5 a6 4. Ba4 d6 5. O-O Bd7 6. c3 g6 7. d4 Bg7 8. Re1 Nf6
9. h3 O-O 10. Bg5 h6 11. Bxf6 Bxf6 12. d5 Ne7 13. Bxd7 Qxd7 14. Qd3 Bg7 15. a4
f5 16. Nbd2 Rf7 17. b4 Raf8 18. a5 fxe4 19. Rxe4 g5 20. Re2 c6 21. dxc6 Qxc6 22.
Rae1 Nd5 23. Ne4 Nf4 24. Qxd6 Nxe2+ 25. Rxe2 Qxd6 26. Nxd6 e4 27. Nxe4 Re7 28.
Nfd2 Rd8 29. Re3 Kf7 30. Kf1 Be5 31. g3 Bg7 32. Ke2 Rc7 33. Nc5 Rd5 34. Nde4 Kg6
35. Rd3 Re5 36. Rd6+ Kh7 37. f3 Ree7 38. Kd3 Rf7 39. Ke2 Bf8 40. Rd3 Bxc5 41.
Nxc5 Rc6 42. Re3 Kg6 43. Ne6 Re7 44. Nf4+ Kf7 45. Rxe7+ Kxe7 46. Nd5+ Ke6 47.
Ne3 Rxc3 48. f4 gxf4 49. gxf4 Rb3 50. Nc2 Rxh3 51. Nd4+ Kd5 52. Nf5 h5 53. Kf2
Rb3 54. Ne3+ Ke4 0-1

[Event "European Blitz 2017"]
[Site "Katowice POL"]
[Date "2017.12.15"]
[Round "8.45"]
[White "Dragicevic, Drazen"]
[Black "Hracek, Zbynek"]
[Result "0-1"]
[WhiteTitle "FM"]
[BlackTitle "GM"]
[WhiteElo "2339"]
[BlackElo "2592"]
[WhiteFideId "1707922"]
[BlackFideId "300071"]
[EventDate "2017.12.15"]
[EventType "blitz"]

1. Nf3 g6 2. g3 c5 3. Bg2 Bg7 4. O-O Nc6 5. c4 d6 6. Nc3 Nh6 7. a3 Nf5 8. Rb1
Rb8 9. b4 b6 10. Ne1 Bb7 11. Qa4 Qd7 12. Bb2 O-O 13. b5 Na5 14. e4 Nd4 15. d3
Nab3 16. Rd1 a6 17. Nd5 e6 18. Nxb6 Qc7 19. bxa6 Bc6 0-1

[Event "European Blitz 2017"]
[Site "Katowice POL"]
[Date "2017.12.15"]
[Round "8.46"]
[White "Butkiewicz, Lukasz"]
[Black "Chigaev, Maksim"]
[Result "0-1"]
[WhiteTitle "IM"]
[BlackTitle "GM"]
[WhiteElo "2453"]
[BlackElo "2555"]
[WhiteFideId "1122428"]
[BlackFideId "4108116"]
[EventDate "2017.12.15"]
[EventType "blitz"]

1. d4 Nf6 2. c4 g6 3. Nc3 Bg7 4. e4 O-O 5. Nf3 d6 6. h3 e5 7. d5 Nh5 8. g3 Na6
9. Be2 Nc5 10. Be3 f5 11. exf5 gxf5 12. Nh4 Nf4 13. gxf4 Qxh4 14. fxe5 Bxe5 15.
Qc2 f4 16. Bxc5 dxc5 17. O-O-O f3 18. Bd3 Kh8 19. Ne4 Bd4 20. Rdg1 Bf5 21. Ng5
Bxf2 22. Bxf5 Qf4+ 23. Kb1 Qxf5 24. Qxf5 Rxf5 25. Rf1 Rxg5 26. Rxf2 Rf8 27. Kc2
Kg7 28. Kd3 Rg3 29. h4 Kg6 30. Ke3 Kh5 31. Rd1 Kg4 32. d6 Re8+ 33. Kd3 cxd6 34.
Kc3 Rg2 35. Rff1 Re3+ 36. Rd3 Kf4 0-1

[Event "European Blitz 2017"]
[Site "Katowice POL"]
[Date "2017.12.15"]
[Round "8.47"]
[White "Klekowski, Maciej"]
[Black "Brazdzionis, Andrius"]
[Result "1-0"]
[WhiteTitle "IM"]
[WhiteElo "2498"]
[BlackElo "2293"]
[WhiteFideId "1132717"]
[BlackFideId "12804479"]
[EventDate "2017.12.15"]
[EventType "blitz"]

1. c4 Nf6 2. Nc3 c5 3. g3 d5 4. cxd5 Nxd5 5. Bg2 Nc7 6. Nf3 Nc6 7. O-O e5 8. d3
Be7 9. a4 O-O 10. a5 Be6 11. Nd2 Nd5 12. Nc4 f6 13. Qa4 Ndb4 14. a6 Rb8 15. axb7
Bd7 16. Be3 Kh8 1-0

[Event "European Blitz 2017"]
[Site "Katowice POL"]
[Date "2017.12.15"]
[Round "8.48"]
[White "Sabuk, Piotr"]
[Black "Trent, Lawrence"]
[Result "1/2-1/2"]
[WhiteTitle "IM"]
[BlackTitle "IM"]
[WhiteElo "2382"]
[BlackElo "2436"]
[WhiteFideId "1137565"]
[BlackFideId "408638"]
[EventDate "2017.12.15"]
[EventType "blitz"]

1. d4 d5 2. c4 e5 3. dxe5 d4 4. a3 Nc6 5. e3 Nh6 6. Nf3 Bg4 7. Be2 dxe3 8. Bxe3
Nf5 9. Qxd8+ Rxd8 10. Bg5 Be7 11. Bxe7 Kxe7 12. O-O Nh4 13. Nc3 Bxf3 14. Bxf3
Nxf3+ 15. gxf3 Nxe5 16. Rfe1 Kf6 17. Kg2 Nd3 18. Nd5+ Rxd5 19. cxd5 Nxe1+ 20.
Rxe1 Rd8 21. Rc1 Rd7 22. f4 Ke7 23. Kf3 Kd6 24. Rg1 g6 25. f5 Kxd5 26. Rd1+ Kc6
27. Rc1+ Kd6 28. Kf4 f6 29. h4 Ke7 30. Re1+ Kf7 31. fxg6+ hxg6 32. Rc1 c6 33.
Ke3 Rd5 34. Rh1 Rh5 35. f4 Ke6 36. Kf3 Kf5 37. Kg3 Rh7 38. Rc1 Rd7 39. Rc5+ Rd5
40. Rc3 a5 41. Kf3 a4 42. b3 axb3 43. Rxb3 Rd4 44. Rxb7 Rxf4+ 45. Kg3 Ra4 46.
Rb3 Rg4+ 47. Kh3 Rc4 48. Rf3+ Ke5 49. Kg3 f5 50. Rb3 Ke4 51. Kf2 f4 52. Kg2 Rc2+
53. Kh3 f3 54. Kg3 Rg2+ 55. Kh3 Rd2 56. a4 Rd3 57. Rb1 Ra3 58. Kg3 Rxa4 59. Rc1
Ra2 60. Rxc6 Rg2+ 61. Kh3 g5 62. hxg5 Rxg5 63. Ra6 Rg8 64. Ra4+ Ke3 65. Ra3+ Ke4
66. Ra4+ Kd5 67. Ra5+ Ke6 68. Ra6+ Kf5 69. Ra5+ Kf4 70. Ra4+ Ke3 71. Ra3+ Ke2
72. Ra2+ Kd3 73. Ra3+ Ke4 74. Ra4+ Kd3 75. Ra3+ Ke2 76. Ra2+ Ke1 77. Ra1+ Kd2
78. Ra2+ Kc1 79. Rf2 1/2-1/2

[Event "European Blitz 2017"]
[Site "Katowice POL"]
[Date "2017.12.15"]
[Round "8.49"]
[White "Castellanos Rodriguez, Renier"]
[Black "Dubinski, Mateusz"]
[Result "1-0"]
[WhiteTitle "IM"]
[BlackTitle "CM"]
[WhiteElo "2501"]
[BlackElo "2249"]
[WhiteFideId "3404650"]
[BlackFideId "1125923"]
[EventDate "2017.12.15"]
[EventType "blitz"]

1. e4 e5 2. Nf3 Nc6 3. Bb5 a6 4. Ba4 Nf6 5. d3 b5 6. Bb3 Bc5 7. c3 h6 8. a4 Rb8
9. O-O d6 10. axb5 axb5 11. Na3 O-O 12. Nc2 Bg4 13. h3 Bh5 14. Be3 Nd7 15. g4
Bg6 16. Kg2 Ne7 17. Ba2 Bh7 18. b4 Bb6 19. Nh4 Ng6 20. Nf5 Nf4+ 21. Bxf4 exf4
22. d4 Bxf5 23. exf5 c5 24. Ne1 c4 25. Nf3 Nf6 26. Bb1 Ra8 27. Rxa8 Qxa8 28. Qd2
Qa3 29. Rc1 Bc7 30. Qxf4 d5 31. Qd2 Re8 32. Re1 Ne4 33. Bxe4 Rxe4 34. Rxe4 dxe4
35. Ne5 Qa1 36. Qe3 Qb1 37. h4 f6 38. Nd7 Qd3 39. Nc5 Qd1 40. Qxe4 Kh7 41. g5
hxg5 42. hxg5 Qh5 43. g6+ Kh6 44. Qe3+ Qg5+ 45. Kf3 Kh5 46. Qxg5+ fxg5 47. Ne6
g4+ 48. Ke4 Bh2 49. Nxg7+ Kh6 50. Ne6 Bg1 51. g7 Kh7 52. f6 Kg8 53. Kf5 Kf7 54.
Ng5+ Kg8 55. Kg6 1-0

[Event "European Blitz 2017"]
[Site "Katowice POL"]
[Date "2017.12.15"]
[Round "8.50"]
[White "Tokranovs, Dmitrijs"]
[Black "Neiksans, Arturs"]
[Result "1-0"]
[WhiteTitle "FM"]
[BlackTitle "GM"]
[WhiteElo "2348"]
[BlackElo "2590"]
[WhiteFideId "11603011"]
[BlackFideId "11601388"]
[EventDate "2017.12.15"]
[EventType "blitz"]

1. Nf3 b6 2. g3 Bb7 3. Bg2 g6 4. O-O Bg7 5. d4 e6 6. c3 f5 7. Bg5 Nf6 8. Nbd2
O-O 9. Re1 d6 10. e4 h6 11. Bxf6 Qxf6 12. e5 dxe5 13. Nxe5 Bxg2 14. Kxg2 a5 15.
Ndf3 g5 16. Qb3 a4 17. Qc4 Ra7 18. Nc6 Nxc6 19. Qxc6 a3 20. b3 e5 21. Nxe5 Qd6
22. Qc4+ Kh7 23. Nc6 Raa8 24. Re6 Qd7 25. Rae1 Rae8 26. Re7 Rxe7 27. Rxe7 Qd6
28. Qe6 b5 29. Qxd6 cxd6 30. Rb7 Rc8 31. Ne7 Rf8 32. Rxb5 f4 33. Nf5 Kg6 34.
Nxg7 Kxg7 35. gxf4 Re8 36. Ra5 gxf4 37. Rxa3 Re2 38. Kf3 Rc2 39. c4 Rd2 40. d5
Kf6 41. Ra7 Ke5 42. Re7+ Kf5 43. Rf7+ Ke5 44. Re7+ Kf5 45. Re6 Rxa2 46. Rxd6 Rd2
47. Rb6 Rd3+ 48. Ke2 Rc3 49. d6 Rc2+ 50. Kf3 Rc3+ 51. Kg2 Kg4 52. h3+ Kh4 53. d7
f3+ 54. Kh2 Rd3 55. Rxh6+ Kg5 56. Rh7 Kg6 57. Re7 Kf6 58. Re3 Rxd7 59. Rxf3+ Kg5
60. Rc3 1-0

[Event "European Blitz 2017"]
[Site "Katowice POL"]
[Date "2017.12.15"]
[Round "8.52"]
[White "Tregubov, Pavel V."]
[Black "Brzezinski, Mateusz"]
[Result "1/2-1/2"]
[WhiteTitle "GM"]
[WhiteElo "2575"]
[BlackElo "2164"]
[WhiteFideId "4115341"]
[BlackFideId "1177117"]
[EventDate "2017.12.15"]
[EventType "blitz"]

1. d4 Nf6 2. c4 g6 3. Nc3 d5 4. Nf3 Bg7 5. e3 O-O 6. cxd5 Nxd5 7. Bc4 Nxc3 8.
bxc3 c5 9. O-O Nc6 10. Qe2 Na5 11. Bd3 Qc7 12. Rd1 b6 13. Rb1 Be6 14. e4 cxd4
15. cxd4 Bc4 16. Ba3 Rac8 17. Rdc1 Bxd3 18. Qxd3 Qd7 19. d5 Rfe8 20. h3 Nb7 21.
e5 Nc5 22. Bxc5 bxc5 23. Qc4 Red8 24. Rd1 Qf5 25. Re1 Rd7 26. e6 fxe6 27. dxe6
Rd6 28. Rb7 Bf6 29. Rxa7 Rcc6 30. Ra3 Kg7 31. Rae3 Bd4 32. Re4 Bf6 33. a4 Ra6
34. Rf4 Qd5 35. Qxd5 Rxd5 36. Rc4 Kf8 37. g4 Ke8 38. Kg2 Kd8 39. Re2 Kc7 40. Nd2
Kc6 41. Ne4 Bd4 42. f4 h6 43. Ng3 Rd8 44. f5 Kd5 45. Rcc2 Rxa4 46. fxg6 Rg8 47.
Nf5 Ra7 48. Ra2 Rb7 49. Nh4 Bf6 50. Red2+ Kxe6 51. Ra6+ Ke5 52. Nf3+ Ke4 53.
Re2+ Kd3 54. Ree6 c4 55. Rec6 c3 56. Ne1+ Kd2 57. Nf3+ Kd3 58. Ne1+ Kd2 59. Nf3+
Kd3 60. Ne1+ Kd4 1/2-1/2

[Event "European Blitz 2017"]
[Site "Katowice POL"]
[Date "2017.12.15"]
[Round "8.53"]
[White "Narva, Mai"]
[Black "Schneider, Ilja"]
[Result "1/2-1/2"]
[WhiteTitle "WIM"]
[BlackTitle "IM"]
[WhiteElo "2211"]
[BlackElo "2517"]
[WhiteFideId "4500512"]
[BlackFideId "4663306"]
[EventDate "2017.12.15"]
[EventType "swiss"]

1. e4 e5 2. Nf3 d6 3. d4 exd4 4. Nxd4 Nf6 5. Nc3 Be7 6. Bd3 Nc6 7. Nxc6 bxc6 8.
O-O O-O 9. h3 Re8 10. Be3 Nd7 11. f4 Bf6 12. Qd2 c5 13. Rad1 Rb8 14. b3 Bb7 15.
Bc4 Bxc3 16. Qxc3 Rxe4 17. Bc1 Qf6 18. Qg3 Rbe8 19. Bd3 R4e7 20. Kh2 Be4 21.
Bxe4 Rxe4 22. Rf2 h6 23. c4 Re2 24. Rd2 Rxf2 25. Qxf2 Qf5 26. Rd5 Qe4 27. Bb2
Qe2 28. Rd2 Qxf2 29. Rxf2 f5 30. Kg3 Re3+ 31. Kh2 Kf7 32. Kg1 Re1+ 33. Kh2 Nf6
34. Rc2 Ne4 35. g4 g6 36. Kg2 Ke6 37. Kf3 Rh1 38. Kg2 Rd1 39. Bg7 h5 40. gxh5
gxh5 41. Bb2 Rd2+ 42. Rxd2 Nxd2 43. Kg3 Kf7 44. Kf2 c6 45. Ke3 Ne4 46. Kf3 d5
47. Ke2 Ke6 48. Kf3 dxc4 49. bxc4 Nd2+ 50. Ke2 Nxc4 51. Bc3 Nd6 52. Kd3 Kd5 53.
Ba5 c4+ 54. Kc2 Nb5 55. Bb4 Nd4+ 56. Kd2 c5 57. Ba5 Ne6 58. Ke3 Nd4 59. Bc3 Nc2+
60. Kd2 Nb4 61. a3 Na2 62. Be5 c3+ 63. Kd3 Nc1+ 64. Kxc3 Ne2+ 65. Kd3 Ng1 66. h4
Nf3 67. Bf6 Nd4 68. a4 c4+ 69. Kd2 Nb3+ 70. Kc3 Nc5 71. a5 Ne4+ 1/2-1/2

[Event "European Blitz 2017"]
[Site "Katowice POL"]
[Date "2017.12.15"]
[Round "8.55"]
[White "Jaroch, Karol"]
[Black "Krejci, Jan2"]
[Result "0-1"]
[BlackTitle "GM"]
[WhiteElo "2252"]
[BlackElo "2570"]
[WhiteFideId "1130609"]
[BlackFideId "322156"]
[EventDate "2017.12.15"]
[EventType "blitz"]

1. c4 e5 2. Nc3 Nf6 3. g3 c6 4. Bg2 d5 5. b3 Be7 6. cxd5 cxd5 7. Bb2 Nc6 8. d3
d4 9. Ne4 Nxe4 10. Bxe4 Qa5+ 11. Kf1 O-O 12. a3 Be6 13. b4 Qb6 14. Rb1 a5 15. b5
Nb8 16. a4 Nd7 17. Bg2 Nc5 18. Ba3 Rac8 19. Nf3 f6 20. Nd2 Kh8 21. h4 f5 22. Kg1
f4 23. Kh2 Bd6 24. Bxc5 Bxc5 25. Ne4 Bb4 26. Ng5 Bg8 27. Rc1 Rxc1 28. Qxc1 h6
29. Nf3 Bb3 30. Nxe5 Qe6 31. Nf3 Qxe2 32. Nxd4 Qxf2 33. Nxb3 Qxg3+ 34. Kg1 f3
35. Qc2 fxg2 36. Qxg2 Qe3+ 37. Kh2 Bd6+ 0-1

[Event "European Blitz 2017"]
[Site "Katowice POL"]
[Date "2017.12.15"]
[Round "8.56"]
[White "Zorko, Jure"]
[Black "Dudas, Jan"]
[Result "1-0"]
[WhiteTitle "IM"]
[BlackTitle "FM"]
[WhiteElo "2457"]
[BlackElo "2216"]
[WhiteFideId "14604051"]
[BlackFideId "14900580"]
[EventDate "2017.12.15"]
[EventType "blitz"]

1. d4 d5 2. Nf3 c5 3. dxc5 Qa5+ 4. Nc3 Nf6 5. Nd4 Qxc5 6. Nb3 Qd6 7. Bg5 e6 8.
Bxf6 gxf6 9. e4 dxe4 10. Bb5+ Bd7 11. Qxd6 Bxd6 12. Bxd7+ Nxd7 13. Nxe4 Be7 14.
O-O-O f5 15. Nd6+ Bxd6 16. Rxd6 Ke7 17. Rd3 Rhd8 18. Na5 Nc5 19. Rc3 Rac8 20. f3
b6 21. Nb3 Nxb3+ 22. axb3 Rxc3 23. bxc3 Rd7 24. c4 Kf6 25. f4 h5 26. h4 Rd4 27.
g3 Rd8 28. Re1 Rg8 29. Re3 Rd8 30. b4 Ke7 31. Ra3 Rd7 32. c5 bxc5 33. b5 c4 34.
Kb2 Rb7 35. Kc3 Rxb5 36. Rxa7+ Kf6 37. Kxc4 Rb2 38. Kd3 Rb1 39. Ra8 Kg7 40. Ra3
Rf1 41. Kd4 Rc1 42. c4 Kf8 43. Ke5 Rxc4 44. Kf6 Rc8 45. Ra7 Ke8 46. Re7+ Kd8 47.
Rxf7 Rc3 48. Rg7 Rc6 49. Kg5 Rc3 50. Kxh5 Ke8 51. Kh6 Re3 52. h5 e5 53. fxe5
Rxe5 54. Kg6 Ra5 55. h6 Ra1 56. h7 Rh1 57. Rg8+ Ke7 58. h8=Q 1-0

[Event "European Blitz 2017"]
[Site "Katowice POL"]
[Date "2017.12.15"]
[Round "8.57"]
[White "Wachinger, Nikolas"]
[Black "Gdanski, Jacek"]
[Result "0-1"]
[BlackTitle "GM"]
[WhiteElo "2243"]
[BlackElo "2458"]
[WhiteFideId "12962791"]
[BlackFideId "1100106"]
[EventDate "2017.12.15"]
[EventType "blitz"]

1. e4 e5 2. Nf3 d6 3. d4 exd4 4. Nxd4 g6 5. Nc3 Bg7 6. Be3 Nf6 7. Be2 O-O 8. f4
Re8 9. Bf3 Ng4 10. Bxg4 Qh4+ 11. g3 Qxg4 12. Qxg4 Bxg4 13. O-O Nc6 14. Nxc6 bxc6
15. Bd2 Bxc3 16. Bxc3 Rxe4 17. Rae1 Rae8 18. Rxe4 Rxe4 19. Re1 Bf5 20. Rxe4 Bxe4
21. Ba5 Bxc2 22. Bxc7 d5 23. Bb8 a6 24. Ba7 f6 25. Kf2 Bb1 26. a4 Bc2 27. a5 Kf7
28. Ke3 Ke6 29. Bc5 Kf5 30. h3 h5 31. b4 Ba4 32. Bd4 Bb5 33. Kf3 Ke6 34. Ke3 Bf1
35. h4 Kf5 36. Kf3 Bc4 37. Ke3 Bb3 38. Kf3 Ba4 39. Ke3 Bd1 40. Bc3 Kg4 41. Kf2
Kf5 42. Ke3 Kg4 43. Kf2 Ba4 44. Bxf6 Kf5 45. Bd4 Ke4 46. Bc5 d4 47. Ke2 Bb5+ 48.
Kd2 Bc4 49. Bb6 Be6 50. Bc5 Bf5 51. Bb6 Kd5 52. Bc5 Ke4 53. Bb6 d3 54. Bd8 Kf3
55. Bg5 Kxg3 56. Ke3 Kg2 57. Bf6 Kf1 58. Kd2 Kf2 59. Be7 Kf3 60. Bd6 Kg3 61. Be7
Kxf4 62. Bg5+ Ke4 63. Bf6 Kd5 64. Be7 Kc4 65. Bc5 g5 66. hxg5 h4 67. Bd6 h3 68.
Kd1 Kc3 0-1

[Event "European Blitz 2017"]
[Site "Katowice POL"]
[Date "2017.12.15"]
[Round "8.58"]
[White "Darmarakis, Mihail"]
[Black "Jakubowski, Krzysztof"]
[Result "0-1"]
[BlackTitle "GM"]
[WhiteElo "2213"]
[BlackElo "2526"]
[WhiteFideId "4203720"]
[BlackFideId "1112848"]
[EventDate "2017.12.15"]
[EventType "blitz"]

1. e4 c5 2. Nf3 d6 3. d4 cxd4 4. Nxd4 Nf6 5. Nc3 a6 6. Be2 e6 7. a4 Qc7 8. O-O
b6 9. f4 Bb7 10. Bf3 Nc6 11. Kh1 Nd7 12. Be3 Be7 13. Qd2 Na5 14. b3 O-O 15. Rad1
Rac8 16. Nde2 Nc6 17. e5 d5 18. Bxd5 Rfd8 19. Be4 Ndxe5 20. Qe1 Ng4 21. Qg3 Nf6
22. Rxd8+ Rxd8 23. Bf3 Nb4 24. Qf2 Bxf3 25. gxf3 Bc5 26. Bxc5 bxc5 27. Ng3 h5
28. Nge4 0-1

[Event "European Blitz 2017"]
[Site "Katowice POL"]
[Date "2017.12.15"]
[Round "8.59"]
[White "Walter, Szymon"]
[Black "Djuric, Stefan"]
[Result "1-0"]
[BlackTitle "GM"]
[WhiteElo "2246"]
[BlackElo "2383"]
[WhiteFideId "1172590"]
[BlackFideId "900133"]
[EventDate "2017.12.15"]
[EventType "blitz"]

1. e4 c5 2. Nf3 g6 3. d4 Bg7 4. dxc5 Na6 5. Bc4 Qa5+ 6. c3 Qxc5 7. Qe2 Nf6 8.
Be3 Qc7 9. Bd4 O-O 10. e5 Ng4 11. h3 Nh6 12. g4 Nc5 13. Nbd2 b6 14. Bd5 Ba6 15.
c4 Rac8 16. b3 Ne6 17. Be3 d6 18. exd6 Qxd6 19. Ne4 Qb8 20. O-O-O Nf4 21. Qd2 e5
22. Kb1 Rfd8 23. Bxf4 exf4 24. g5 Nf5 25. Nf6+ Bxf6 26. gxf6 Qd6 27. Qc3 Qf8 28.
Ne5 Nd6 29. Nc6 Re8 30. Ne7+ Rxe7 31. fxe7 Qxe7 32. Rhe1 Qh4 33. Qe5 Nf5 34. Re4
Qh5 35. Bxf7+ Kf8 36. Qh8+ Kxf7 37. Rd7+ Ne7 38. Rdxe7# 1-0

[Event "European Blitz 2017"]
[Site "Katowice POL"]
[Date "2017.12.15"]
[Round "8.60"]
[White "Klabis, Rokas"]
[Black "Mikrut, Dariusz"]
[Result "0-1"]
[WhiteTitle "FM"]
[BlackTitle "IM"]
[WhiteElo "2366"]
[BlackElo "2375"]
[WhiteFideId "12805246"]
[BlackFideId "1112791"]
[EventDate "2017.12.15"]
[EventType "blitz"]

1. e4 c5 2. Nc3 Nc6 3. Bb5 Nd4 4. Nf3 e6 5. O-O a6 6. Bd3 Nc6 7. Re1 d6 8. Bf1
Nf6 9. d4 cxd4 10. Nxd4 Bd7 11. Be3 Be7 12. h3 O-O 13. f3 b5 14. Nce2 Rc8 15. c3
Ne5 16. Bf2 Be8 17. b3 Nfd7 18. Qd2 Nb6 19. f4 Ng6 20. f5 exf5 21. Nxf5 Bc6 22.
Neg3 Re8 23. Rad1 Bf8 24. Nxd6 Bxd6 25. Qxd6 Qxd6 26. Rxd6 Nd7 27. c4 Nde5 28.
cxb5 Bxb5 29. Bxb5 axb5 30. Rd5 b4 31. Nf5 Rc2 32. Nd6 Ra8 33. Nb5 h6 34. Nd4
Rcxa2 35. Bg3 Nd3 36. Re2 Ra1+ 37. Kh2 Ndf4 38. Rb5 Nxe2 39. Nxe2 R1a2 40. Nd4
Rd8 41. Rxb4 Rd7 42. Nf3 Re2 43. Rc4 Re7 44. e5 Rb2 45. Rb4 Rd7 46. Rb8+ Kh7 47.
b4 Ne7 48. b5 Nf5 49. Bf4 Rd3 50. e6 fxe6 51. Ne5 Rd4 52. Bc1 Rb1 53. Ba3 Rd5
54. Nf7 Rdxb5 55. Rh8+ Kg6 56. Ne5+ Rxe5 0-1

[Event "European Blitz 2017"]
[Site "Katowice POL"]
[Date "2017.12.15"]
[Round "8.61"]
[White "Licznerski, Lukasz"]
[Black "Bolsakovs, Vadims"]
[Result "1-0"]
[WhiteTitle "FM"]
[WhiteElo "2267"]
[BlackElo "2128"]
[WhiteFideId "1179250"]
[BlackFideId "11601981"]
[EventDate "2017.12.15"]
[EventType "blitz"]

1. e4 c6 2. d4 d5 3. exd5 cxd5 4. c4 Nc6 5. cxd5 Qxd5 6. Nf3 e6 7. Nc3 Bb4 8.
Bd3 Nf6 9. O-O Qh5 10. Bg5 Be7 11. Bxf6 gxf6 12. Nb5 O-O 13. d5 Nb4 14. Nc7 Nxd3
15. Qxd3 Rb8 16. d6 Bd8 17. Nb5 Bd7 18. a4 a6 19. Nc3 f5 20. Ne5 Bc6 21. Nxc6
bxc6 22. Qxa6 Rxb2 23. Qxc6 Bf6 24. Rab1 Rc2 25. Rb3 Qg4 26. Nd5 Rxc6 27. Nxf6+
Kg7 28. Nxg4 fxg4 29. Rd1 Rd8 30. Rbd3 Ra6 31. Rd4 f5 32. h3 h5 33. hxg4 hxg4
34. Kh2 Kf6 35. Kg3 Ke5 36. d7 Kf6 37. f3 gxf3 38. gxf3 Ra7 39. f4 Ke7 40. Kf3
Rc7 41. Ke3 Rc3+ 42. R1d3 Rc5 43. Rd2 Ra5 44. R2d3 Rc5 45. Rd2 Ra5 46. Rd1 Ra7
47. R1d3 Ra5 48. Kd2 Ra7 49. Kc3 Rc7+ 50. Kb3 Rb8+ 51. Rb4 Rd8 52. Rbd4 Rb8+ 53.
Ka3 Kd8 54. Rh3 Rxd7 55. Rh8+ 1-0

[Event "European Blitz 2017"]
[Site "Katowice POL"]
[Date "2017.12.15"]
[Round "8.62"]
[White "Polivanov, Anatoliy"]
[Black "Kredl, Karel"]
[Result "1-0"]
[WhiteTitle "IM"]
[WhiteElo "2383"]
[BlackElo "2150"]
[WhiteFideId "14109468"]
[BlackFideId "315893"]
[EventDate "2017.12.15"]
[EventType "blitz"]

1. d4 Nf6 2. c4 e6 3. Nc3 Bb4 4. Nf3 O-O 5. Bg5 c5 6. Qb3 Nc6 7. e3 cxd4 8. Nxd4
Be7 9. Be2 a6 10. O-O Qc7 11. a3 d6 12. Rac1 Ne5 13. Rfd1 Bd7 14. Nf3 Ng6 15.
Na4 Bxa4 16. Qxa4 h6 17. Bxf6 Bxf6 18. b4 Rfd8 19. Nd4 Rac8 20. Qb3 Qb6 21. Bg4
Re8 22. a4 Bxd4 23. exd4 Red8 24. c5 dxc5 25. dxc5 Qc7 26. b5 axb5 27. axb5
Rxd1+ 28. Qxd1 Ne5 29. Be2 Rd8 30. Qc2 Ng6 31. b6 Qc8 32. c6 bxc6 33. Qxc6 Qb8
34. g3 Ne7 35. Qc7 Nd5 36. Qxd8+ Qxd8 37. b7 Nb6 38. Ba6 Qd2 39. Rc3 1-0

[Event "European Blitz 2017"]
[Site "Katowice POL"]
[Date "2017.12.15"]
[Round "8.64"]
[White "Mucha, Piotr"]
[Black "Reichmann, Hendrik"]
[Result "1-0"]
[BlackTitle "FM"]
[WhiteElo "2165"]
[BlackElo "2337"]
[WhiteFideId "1164163"]
[BlackFideId "4647823"]
[EventDate "2017.12.15"]
[EventType "blitz"]

1. e4 g6 2. d4 Bg7 3. Nc3 c5 4. dxc5 Bxc3+ 5. bxc3 Nf6 6. Bd3 Qa5 7. Ne2 Qxc5 8.
O-O Nc6 9. a4 d6 10. Kh1 Ng4 11. Qe1 h5 12. f4 b6 13. Bb5 Bd7 14. Rf3 Nb8 15.
Ba3 Qc7 16. Nd4 a6 17. Bxd7+ Nxd7 18. Qe2 Nc5 19. a5 b5 20. h3 Nh6 21. e5 d5 22.
e6 f6 23. Nxb5 axb5 24. Qxb5+ Kf8 25. Qxc5 Qxc5 26. Bxc5 Nf5 27. Rd3 Kg7 28.
Rxd5 Rhc8 29. a6 Rc6 30. a7 Rxe6 31. Rad1 h4 32. Rd8 Rxa7 33. Bxa7 Re2 34. Bd4
Rxc2 35. Re1 Kf7 36. Rd7 Rd2 37. Kg1 Rc2 38. Rc7 Rd2 39. Rf1 Ng3 40. Re1 Nf5 41.
Bc5 Rd3 42. Bxe7 Kg8 43. Bxf6 1-0

[Event "European Blitz 2017"]
[Site "Katowice POL"]
[Date "2017.12.15"]
[Round "8.66"]
[White "Kaleta, Blazej"]
[Black "Stauskas, Lukas"]
[Result "1-0"]
[WhiteElo "2110"]
[BlackElo "2349"]
[WhiteFideId "1170252"]
[BlackFideId "12808148"]
[EventDate "2017.12.15"]
[EventType "blitz"]

1. d4 Nf6 2. c4 e6 3. e3 b6 4. Nf3 Bb7 5. Be2 Be7 6. O-O O-O 7. Nc3 d5 8. a3
Nbd7 9. b4 Ne4 10. Bb2 Nxc3 11. Bxc3 Nf6 12. c5 Ne4 13. Bb2 f5 14. Qc2 Bf6 15.
c6 Bc8 16. Ne5 Bxe5 17. dxe5 a6 18. a4 Qe7 19. Ba3 b5 20. axb5 axb5 21. Bxb5 Ba6
22. Bd3 Bxd3 23. Qxd3 Rfb8 24. f3 Ng5 25. b5 Qe8 26. Bc5 Nf7 27. f4 g5 28. Rfc1
h6 29. Bd4 Rxa1 30. Rxa1 Qe7 31. Rb1 Ra8 32. Qc3 Qd8 33. b6 cxb6 34. c7 Qd7 35.
Rxb6 Rc8 36. Rb8 Kf8 37. Qb4+ Ke8 38. Bb6 Nh8 39. Rxc8+ Qxc8 40. Qb5+ Kf7 41.
Qc6 Ng6 42. Bc5 Ne7 43. Qd6 Ng6 44. Qb6 Ne7 45. Qb8 Qa6 1-0

[Event "European Blitz 2017"]
[Site "Katowice POL"]
[Date "2017.12.15"]
[Round "8.68"]
[White "Snihur, Piotr"]
[Black "Putka, Verners"]
[Result "0-1"]
[WhiteElo "2233"]
[BlackElo "2307"]
[WhiteFideId "1157191"]
[BlackFideId "11600659"]
[EventDate "2017.12.15"]
[EventType "blitz"]

1. d4 Nf6 2. c4 c5 3. Nf3 cxd4 4. Nxd4 e6 5. Nc3 Be7 6. e4 d6 7. Be2 O-O 8. O-O
b6 9. b3 Bb7 10. f3 a6 11. Bb2 Nbd7 12. Rc1 Qc7 13. Kh1 Rad8 14. Bd3 Qb8 15. Qe2
Rfe8 16. Bb1 Bf8 17. Rfd1 Qa8 18. Qf2 d5 19. exd5 exd5 20. cxd5 Nxd5 21. Nxd5
Bxd5 22. Nf5 Ne5 23. Qg3 Ng6 24. Rd2 Be6 25. Rcd1 Rxd2 26. Rxd2 Rd8 27. Qg5 Rxd2
28. Qxd2 b5 29. h3 Qc8 30. Nd4 Bxh3 31. gxh3 Qxh3+ 32. Kg1 Qg3+ 33. Qg2 Qe1+ 34.
Qf1 Qg3+ 35. Qg2 Qh4 36. Bxg6 hxg6 37. Qf2 Qf4 38. Ne2 Qd2 39. Ng3 Qd1+ 40. Kg2
a5 41. Ne4 a4 42. bxa4 bxa4 43. Qd4 Qc2+ 44. Qd2 Qc4 45. a3 f6 46. Qc3 Qd5 47.
Qd2 Qc4 48. Nf2 g5 49. Qd3 Qe6 50. Ne4 g4 51. Ng3 gxf3+ 52. Qxf3 Qb6 53. Qe2
Qb7+ 54. Kh3 Kf7 55. Qc4+ Kg6 56. Bd4 Qd7+ 57. Kh2 Bxa3 58. Qd3+ Kf7 59. Qxa3
Qxd4 60. Qa2+ Kf8 61. Qa3+ Kf7 62. Qa2+ Kf8 63. Qa3+ Kg8 64. Qa2+ Kh7 65. Qc2+
g6 66. Qc7+ Kh6 67. Qc1+ Kh7 68. Qc7+ Kh6 69. Qc1+ Kg7 70. Qc7+ Kf8 71. Qc8+ Ke7
72. Qc7+ Qd7 73. Qc5+ Kf7 74. Qc4+ Kg7 75. Qc3 Qd6 76. Kh3 a3 77. Qb3 Qa6 78.
Qa2 Qa4 79. Ne2 Qd7+ 80. Kg2 Qc6+ 81. Kf2 Qc5+ 82. Ke1 Qa5+ 83. Kd1 g5 84. Kc2
Qa4+ 85. Kd3 Qb5+ 86. Ke3 Qc5+ 87. Nd4 Qc3+ 88. Ke4 Qb2 89. Nf5+ Kf8 90. Qc4
Qe5+ 91. Kf3 Qxf5+ 92. Kg3 Qf4+ 0-1